Running Linux (Record no. 11401)

MARC details
000 -LEADER
fixed length control field 00408nam a22001817a 4500
003 - CONTROL NUMBER IDENTIFIER
control field OSt
008 - FIXED-LENGTH DATA ELEMENTS--GENERAL INFORMATION
fixed length control field 220616b ||||| |||| 00| 0 eng d
020 ## - INTERNATIONAL STANDARD BOOK NUMBER
International Standard Book Number 9788184042726
082 ## - DEWEY DECIMAL CLASSIFICATION NUMBER
Classification number 005.4469 DAR
100 ## - MAIN ENTRY--PERSONAL NAME
Personal name DALHEIMER, Matthias Kalle
245 ## - TITLE STATEMENT
Title Running Linux
250 ## - EDITION STATEMENT
Edition statement 5th
260 ## - PUBLICATION, DISTRIBUTION, ETC. (IMPRINT)
Place of publication, distribution, etc Beijing
Name of publisher, distributor, etc O'Reilly
Date of publication, distribution, etc 2015
300 ## - PHYSICAL DESCRIPTION
Extent 951
650 ## - SUBJECT ADDED ENTRY--TOPICAL TERM
Topical term or geographic name as entry element CSE
700 ## - ADDED ENTRY--PERSONAL NAME
Personal name WELSH, Matt
942 ## - ADDED ENTRY ELEMENTS (KOHA)
Source of classification or shelving scheme Dewey Decimal Classification
Koha item type Text Books
Holdings
Withdrawn status Lost status Source of classification or shelving scheme Damaged status Not for loan Collection code Home library Current library Date acquired Source of acquisition Currency Cost, normal purchase price Bill Number Total Checkouts Full call number Acc. no. / Barcode Date last seen Actual Cost, discounted price Bill Date Koha item type
    Dewey Decimal Classification     B.Tech(CSE) PIET C-LIBRARY PIET C-LIBRARY 14/06/2022 Kirti Prakashan IN Rupees 1400.00 IN381   005.4469 DAR 33759 16/06/2022 1050.00 14/06/2022 Text Books

Design & Developed by: PIET Central Library
R70 Miles Stone Pattikalyana Samalkha Panipat 132102
mail ID :- [email protected], Phone No:- 0180-2569700 Ex.216